Jujuy y salta : guías visuales de la argentina
Guardado en:
| Formato: | Libro |
|---|---|
| Publicado: |
Buenos Aires :
Clarín,
2002
|
| Series: | Bilioteca Clarín. Serie guías visuales de la Argentina
|
| Materias: | |
| Etiquetas: |
Agregar Etiqueta
Sin Etiquetas, Sea el primero en etiquetar este registro!
|
| LEADER | 01081nam a22002415a 4500 | ||
|---|---|---|---|
| 001 | CEM.cems011957 | ||
| 005 | 20070516123835.0 | ||
| 008 | 130507s2002##################000#0#####d | ||
| 003 | CEMS | ||
| 020 | |a 9507821783 | ||
| 082 | 0 | 4 | |a 918.204 |
| 245 | 0 | 0 | |a Jujuy y salta : |b guías visuales de la argentina |
| 260 | |a Buenos Aires : |b Clarín, |c 2002 | ||
| 300 | |a 143 p. | ||
| 490 | 0 | |a Bilioteca Clarín. Serie guías visuales de la Argentina | |
| 500 | |a Guía de viajes y turismo | ||
| 505 | 0 | |a Itinerarios : paso a paso desde la Puna a las quebradas -- Contrastes : naturaleza y arquitectura -- Fiestas : la alegría de un carnaval diferente y numerosas celebraciones indígenas -- Delicias : comidas con viejas recetas de la inmigración y platos con acento criollo -- Inolvidable : el Pucará de Tilcara, el Tren a las nubes y decenas de paseos para el recuerdo -- | |
| 653 | |a Geografía | ||
| 653 | |a Geografía argentina | ||
| 653 | |a Geografía argentina-turismo | ||
| 653 | |a Jujuy | ||
| 653 | |a Salta | ||
| 859 | |a CEMS |b BIB. CEMS - 11 de abril |h 918.204 |i C394-1 |p 23094.05 |t Ej.1 | ||
